000 00549cam a22001933a 4500
001 45538
003 PGUSA
005 20140828084043.0
008 140430s2014||||xxu|||||s|||||000 | eng d
040 _aPGUSA
_beng
042 _adc
245 1 4 _aThe Knickerbocker, Vol. 10, No. 6, December 1837
_h[electronic resource] /
_cVarious
260 _bProject Gutenberg,
_c2014
506 _aPublic domain in the USA.
516 _aElectronic text
830 0 _aProject Gutenberg
_v45538
856 4 0 _uhttp://www.gutenberg.org/ebooks/45538
942 _cEB
999 _c274789
_d274789